La casa de Lope de Vega / (Record no. 116291)

MARC details
000 -LEADER
campo de control de longitud fija 00811nam a2200229 i 4500
001 - NÚMERO DE CONTROL
campo de control 116291
003 - IDENTIFICADOR DE NÚMERO DE CONTROL
campo de control ES-MaACL
005 - FECHA Y HORA DE LA ÚLTIMA TRANSACCIÓN
campo de control 20250805004421.0
007 - CAMPO FIJO DE DESCRIPCIÓN FÍSICA--INFORMACIÓN GENERAL
campo de control de longitud fija t|
008 - DATOS DE LONGITUD FIJA--INFORMACIÓN GENERAL
campo de control de longitud fija 061121q1931 sp r ||||1|dspa d
080 ## - NÚMERO DE LA CLASIFICACIÓN DECIMAL UNIVERSAL
Número de la Clasificación Decimal Universal 929 Vega, Lope de :069.5(460.27 M.)
245 03 - MENCIÓN DEL TÍTULO
Título La casa de Lope de Vega /
Mención de responsabilidad, etc. Patronato Nacional del Turismo.
260 ## - PUBLICACIÓN, DISTRIBUCIÓN, ETC.
Lugar de publicación, distribución, etc. Madrid :
Nombre del editor, distribuidor, etc. Sección de Propaganda y Publicaciones de la Dirección General del Turismo,
Fecha de publicación, distribución, etc. [ca. 1931]
300 ## - DESCRIPCIÓN FÍSICA
Extensión 8 p. ;
Dimensiones 17 cm.
600 17 - PUNTO DE ACCESO ADICIONAL DE MATERIA--NOMBRE DE PERSONA
Nombre de persona Vega, Lope de,
Fechas asociadas al nombre 1562-1635-
Subdivisión general Biografías
Fuente del encabezamiento o término
9 (RLIN) 143267
610 20 - PUNTO DE ACCESO ADICIONAL DE MATERIA--NOMBRE DE ENTIDAD CORPORATIVA
Nombre de entidad corporativa o nombre de jurisdicción como elemento de entrada Casa Museo Lope de Vega
9 (RLIN) 193698
710 2# - ENTRADA AGREGADA--NOMBRE DE ENTIDAD CORPORATIVA
Nombre de entidad corporativa o nombre de jurisdicción como elemento de entrada Patronato Nacional del Turismo (España)
9 (RLIN) 6194
710 1# - ENTRADA AGREGADA--NOMBRE DE ENTIDAD CORPORATIVA
Nombre de entidad corporativa o nombre de jurisdicción como elemento de entrada España.
Unidad subordinada Dirección General de Turismo.
9 (RLIN) 172729
852 4# - LOCALIZACIÓN
Ubicación ES-MaACL
Número de control de estantería 1837-F-13
942 ## - ELEMENTOS DE ENTRADA SECUNDARIOS (KOHA)
Fuente del sistema de clasificación o colocación Clasificación decimal universal
Holdings
Estatus retirado Estado de pérdida Estado de daño No para préstamo Colección Biblioteca de origen Biblioteca actual Ubicación en estantería Fecha de adquisición Fuente de adquisición Total de préstamos Signatura topográfica completa Código de barras Visto por última vez Precio de reemplazo Tipo de ítem Koha
        Colección de folletos Biblioteca del Ateneo de Madrid Biblioteca del Ateneo de Madrid Depósito folletos 17/01/2008     1837-F-13 1121267 23/02/2023 23/02/2023 Folleto